[Event "Hastings Challengers 2002/03"]
[Site "Hastings"]
[Date "2003.01.01"]
[Round "5"]
[White "Tozer, Richard JD"]
[Black "Cherniaev, Alexander"]
[Result "0-1"]
[WhiteElo "2312"]
[BlackElo "2506"]
[PlyCount "60"]
[EventDate "2002.12.28"]
[EventType "swiss"]
[EventRounds "9"]
[EventCountry "ENG"]
[SourceTitle "BritBase"]
[Source "John Saunders"]
[SourceDate "2024.12.03"]
[SourceVersion "1"]
[SourceVersionDate "2024.12.03"]
[SourceQuality "1"]

1. d4 d6 2. c4 f5 3. Nf3 Nf6 4. g3 g6 5. Bg2 Bg7 6. O-O O-O 7. Nc3 c6 8. d5 Bd7 9. Nd4 c5 10. Nf3 Na6 11. e4 fxe4 12. Ng5 Nc7 13. Re1 Ng4 14. Ncxe4 Ne5 15. Qc2 b5 16. Nd2 Rb8 17. Rb1 Ng4 18. Re2 Bd4 19. Ndf3 Bf5 20. Ne4 Bg7 21. b3 Nf6 22. Nfg5 Qd7 23. Bb2 bxc4 24. bxc4 Rb6 25. Ba1 Rxb1+ 26. Qxb1 Qa4 27. Qc1 Rb8 28. Bxf6 Bxf6 29. Nxf6+ exf6 30. Ne6 Rb1 0-1

[Event "Hastings Challengers 2002/03"]
[Site "Hastings"]
[Date "2003.01.01"]
[Round "5"]
[White "Webb, Laurence E"]
[Black "McDonald, Neil R"]
[Result "0-1"]
[WhiteElo "2279"]
[BlackElo "2391"]
[PlyCount "110"]
[EventDate "2002.12.28"]
[EventType "swiss"]
[EventRounds "9"]
[EventCountry "ENG"]
[SourceTitle "BritBase"]
[Source "John Saunders"]
[SourceDate "2024.12.03"]
[SourceVersion "1"]
[SourceVersionDate "2024.12.03"]
[SourceQuality "1"]

1. e4 e6 2. d4 d5 3. e5 c5 4. c3 Nc6 5. Nf3 Bd7 6. Be2 Nge7 7. O-O cxd4 8. cxd4 Nf5 9. Nc3 Rc8 10. a3 a6 11. Be3 Be7 12. Bd3 Nxe3 13. fxe3 O-O 14. Rc1 f5 15. exf6 Bxf6 16. Bb1 g6 17. Kh1 Bg7 18. Na4 b6 19. Bd3 Na5 20. Rxc8 Bxc8 21. Qe2 Nc4 22. Nc3 b5 23. a4 Bh6 24. Bxc4 bxc4 25. e4 Bg7 26. e5 Bd7 27. Qd2 Qb6 28. Rf2 Qb4 29. Ng5 Bh6 30. h4 Qe7 31. Kg1 Rf5 32. Rxf5 gxf5 33. Kh2 Be8 34. Qf4 Bh5 35. Qg3 Bg4 36. Qf4 Kg7 37. Kg3 Kg6 38. a5 Qd8 39. Qf2 Bxg5 40. hxg5 Qxa5 41. Qe1 Qd8 42. Qa1 a5 43. Qa4 Kxg5 44. Kh2 f4 45. Qc2 Kh6 46. Qf2 Qg5 47. Nb5 Kg7 48. Nd6 Bh5 49. Nb7 a4 50. Nc5 Qg3+ 51. Kg1 Qxf2+ 52. Kxf2 c3 53. bxc3 a3 54. Nb3 a2 55. Na1 Kg6 0-1

[Event "Hastings Challengers 2002/03"]
[Site "Hastings"]
[Date "2003.01.01"]
[Round "5"]
[White "Wells, Peter K"]
[Black "Lawson, Eric"]
[Result "0-1"]
[WhiteElo "2489"]
[BlackElo "2239"]
[PlyCount "78"]
[EventDate "2002.12.28"]
[EventType "swiss"]
[EventRounds "9"]
[EventCountry "ENG"]
[SourceTitle "BritBase"]
[Source "John Saunders"]
[SourceDate "2024.12.03"]
[SourceVersion "1"]
[SourceVersionDate "2024.12.03"]
[SourceQuality "1"]

1. e4 c5 2. Nf3 Nc6 3. Bb5 g6 4. Bxc6 dxc6 5. d3 Bg7 6. h3 Nf6 7. Nc3 c4 8. d4 b5 9. e5 Nd5 10. Ne4 Bf5 11. Ng3 Qd7 12. O-O c3 13. bxc3 Nxc3 14. Qe1 Na4 15. Nxf5 Qxf5 16. c4 bxc4 17. Ba3 c3 18. Rc1 Bh6 19. Qe2 Bxc1 20. Rxc1 Qe6 21. Qc2 Qc4 22. e6 fxe6 23. Ne5 Qxd4 24. Nxc6 Qc4 25. Ne5 Qb5 26. Qe4 Rb8 27. Nc6 Rb7 28. Qxe6 Qf5 29. Qc4 Nb6 30. Qxc3 Rf8 31. Nxe7 Rxe7 32. Bxe7 Nd5 33. Qe1 Nxe7 34. Rc7 Rf7 35. Rxa7 Kf8 36. a4 Qc5 37. Ra8+ Kg7 38. a5 Nc6 39. a6 Ra7 0-1

[Event "Hastings Challengers 2002/03"]
[Site "Hastings"]
[Date "2003.01.01"]
[Round "5"]
[White "Wu, Li"]
[Black "Beshukov, Sergei"]
[Result "1/2-1/2"]
[WhiteElo "2167"]
[BlackElo "2466"]
[PlyCount "63"]
[EventDate "2002.12.28"]
[EventType "swiss"]
[EventRounds "9"]
[EventCountry "ENG"]
[SourceTitle "BritBase"]
[Source "John Saunders"]
[SourceDate "2024.12.03"]
[SourceVersion "1"]
[SourceVersionDate "2024.12.03"]
[SourceQuality "1"]

1. d4 d5 2. c4 e6 3. Nc3 c6 4. Nf3 dxc4 5. e3 b5 6. a4 Bb4 7. Bd2 a5 8. axb5 Bxc3 9. Bxc3 cxb5 10. b3 Bb7 11. bxc4 b4 12. Bb2 Nf6 13. Bd3 Nbd7 14. O-O O-O 15. Re1 Re8 16. e4 e5 17. c5 exd4 18. Qc2 b3 19. Qc4 Ba6 20. Qxd4 Bxd3 21. Qxd3 Nxc5 22. Qc3 Qb6 23. e5 Nd5 24. Qd4 Nb4 25. e6 f6 26. e7 h6 27. Nh4 Nc2 28. Qd5+ Kh7 29. Qf5+ Kh8 30. Ng6+ Kg8 31. Qd5+ Kh7 32. Qf5 1/2-1/2

[Event "Hastings Challengers 2002/03"]
[Site "Hastings"]
[Date "2003.01.02"]
[Round "6"]
[White "Avari, Viraf"]
[Black "Crouch, Colin S"]
[Result "1/2-1/2"]
[WhiteElo "2088"]
[BlackElo "2388"]
[PlyCount "82"]
[EventDate "2002.12.28"]
[EventType "swiss"]
[EventRounds "9"]
[EventCountry "ENG"]
[SourceTitle "BritBase"]
[Source "John Saunders"]
[SourceDate "2024.12.03"]
[SourceVersion "1"]
[SourceVersionDate "2024.12.03"]
[SourceQuality "1"]

1. e4 Nf6 2. e5 Nd5 3. c4 Nb6 4. d4 d6 5. f4 g6 6. Nc3 Bg7 7. Be3 O-O 8. Nf3 Be6 9. b3 c5 10. dxc5 N6d7 11. cxd6 exd6 12. Rc1 dxe5 13. Nxe5 Nxe5 14. Qxd8 Rxd8 15. fxe5 Nc6 16. Be2 Nxe5 17. O-O Nd3 18. Rcd1 Nb4 19. Nb5 Nxa2 20. Nc7 Nc3 21. Rxd8+ Rxd8 22. Bf3 b6 23. Nxe6 fxe6 24. Bg4 e5 25. Be6+ Kh8 26. Rf7 Rf8 27. c5 Rxf7 28. Bxf7 bxc5 29. Bxc5 a6 30. b4 Ne4 31. Be7 Bf6 32. Bxf6+ Nxf6 33. Bc4 Kg7 34. Bxa6 Nd5 35. b5 Nc7 36. Kf2 Kf6 37. Ke3 Ke7 38. Kd3 Kd6 39. Kc4 Nd5 40. Bb7 Nb6+ 41. Kb4 g5 1/2-1/2

[Event "Hastings Challengers 2002/03"]
[Site "Hastings"]
[Date "2003.01.02"]
[Round "6"]
[White "Borovikov, Vladislav"]
[Black "Huss, Andreas"]
[Result "1-0"]
[WhiteElo "2593"]
[BlackElo "2354"]
[PlyCount "111"]
[EventDate "2002.12.28"]
[EventType "swiss"]
[EventRounds "9"]
[EventCountry "ENG"]
[SourceTitle "BritBase"]
[Source "John Saunders"]
[SourceDate "2024.12.03"]
[SourceVersion "1"]
[SourceVersionDate "2024.12.03"]
[SourceQuality "1"]

1. d4 e6 2. c4 Nf6 3. Nf3 b6 4. Nc3 Bb4 5. Bg5 h6 6. Bh4 Bb7 7. Nd2 c5 8. a3 Bxc3 9. bxc3 d6 10. f3 e5 11. e4 Nc6 12. d5 Nb8 13. Bd3 Nbd7 14. Bc2 Qc7 15. Ba4 O-O 16. Nf1 g6 17. Ne3 Kg7 18. Qd2 Rh8 19. Bf2 Nh5 20. Bc2 Raf8 21. a4 a5 22. O-O-O Bc8 23. h4 Ndf6 24. Kb2 Bd7 25. Ka3 Ng8 26. Rb1 Qd8 27. g3 Ne7 28. Ng2 Nc8 29. g4 Nf6 30. Be3 Ne8 31. g5 hxg5 32. Bxg5 f6 33. Be3 Rh7 34. f4 Kh8 35. h5 gxh5 36. f5 Rg8 37. Bd1 Rxg2 38. Qxg2 Ng7 39. Bf3 Be8 40. Rbg1 Qd7 41. Bd1 Ne7 42. Bf2 Ng8 43. Bh4 Qc7 44. Qb2 Qb7 45. Rh2 Qa6 46. Qb3 Bf7 47. Rb2 Ne8 48. Be2 Qa7 49. Qxb6 Qe7 50. Qxa5 Qf8 51. Be1 h4 52. Bf3 h3 53. Rh2 Bh5 54. Bxh5 Rxh5 55. Qd8 Qf7 56. Rg3 1-0

[Event "Hastings Challengers 2002/03"]
[Site "Hastings"]
[Date "2003.01.02"]
[Round "6"]
[White "Cherniaev, Alexander"]
[Black "Taylor, Peter P"]
[Result "1-0"]
[WhiteElo "2506"]
[BlackElo "2212"]
[PlyCount "191"]
[EventDate "2002.12.28"]
[EventType "swiss"]
[EventRounds "9"]
[EventCountry "ENG"]
[SourceTitle "BritBase"]
[Source "John Saunders"]
[SourceDate "2024.12.03"]
[SourceVersion "1"]
[SourceVersionDate "2024.12.03"]
[SourceQuality "1"]

1. e4 c6 2. c4 e5 3. d4 d6 4. Nc3 Be7 5. Be2 Bf6 6. d5 Ne7 7. h4 O-O 8. Be3 c5 9. g3 Ng6 10. h5 Nh8 11. Qd2 Be7 12. f4 f6 13. Nf3 Nf7 14. a3 a5 15. O-O-O Na6 16. Nh4 Re8 17. Rdg1 Bf8 18. Bd1 Bd7 19. Kb1 Nc7 20. a4 h6 21. Bf3 Na6 22. Nb5 Nc7 23. Nc3 Na6 24. Qe2 Qc8 25. Bd2 Nc7 26. Qf1 Qd8 27. Bg2 Na6 28. Bh3 Bxh3 29. Rxh3 Qd7 30. Rh2 Nc7 31. Qf3 Ra6 32. Nf5 Kh8 33. Rh4 Rd8 34. Qg4 Raa8 35. Qg6 b6 36. Rg4 Ne8 37. Nb5 Rab8 38. Bc3 Rb7 39. Rf1 Rdb8 40. fxe5 dxe5 41. Bd2 Ng5 42. Rh4 Nf7 43. Rg4 Ng5 44. Kc2 Rd8 45. Rh4 Nf7 46. b3 Rdb8 47. Kd3 Ra8 48. Ke2 Rab8 49. Rh2 Rd8 50. Ke1 Rdb8 51. Rhf2 Ra8 52. Rf3 Rab8 53. R1f2 Ra8 54. Kf1 Rab8 55. Kg1 Ra8 56. Nh4 Rab8 57. Rf1 Ra8 58. R3f2 Rab8 59. Kg2 Ra8 60. Nc3 Rab8 61. Nd1 Ra8 62. Ne3 Ng5 63. Nef5 Nf7 64. Be3 Rab8 65. Rd2 Rd8 66. Rdf2 Rdb8 67. Qg4 Kh7 68. Rh1 Kh8 69. Ng6+ Kg8 70. d6 Nexd6 71. Nge7+ Kh8 72. Ng6+ Kg8 73. Nge7+ Kh8 74. Rd1 Nxf5 75. Nxf5 Qc6 76. Rfd2 Re8 77. Rd5 Ng5 78. Bxg5 hxg5 79. Qf3 Qe6 80. Qd3 Kg8 81. Rd7 Qxd7 82. Qxd7 Rxd7 83. Rxd7 Re6 84. Kf3 Rc6 85. Rb7 Re6 86. Kg4 Rc6 87. Ne3 Re6 88. Kf5 Rc6 89. Nd5 Bd6 90. Kg6 Bf8 91. Rxg7+ Bxg7 92. Ne7+ Kf8 93. Nxc6 Bh8 94. g4 Kg8 95. Ne7+ Kf8 96. Nd5 1-0

[Event "Hastings Challengers 2002/03"]
[Site "Hastings"]
[Date "2003.01.02"]
[Round "6"]
[White "Cooper, Lawrence"]
[Black "Wells, Peter K"]
[Result "0-1"]
[WhiteElo "2348"]
[BlackElo "2489"]
[PlyCount "60"]
[EventDate "2002.12.28"]
[EventType "swiss"]
[EventRounds "9"]
[EventCountry "ENG"]
[SourceTitle "BritBase"]
[Source "John Saunders"]
[SourceDate "2024.12.03"]
[SourceVersion "1"]
[SourceVersionDate "2024.12.03"]
[SourceQuality "1"]

1. e4 c5 2. c3 Nf6 3. e5 Nd5 4. g3 Nc6 5. Bg2 e6 6. Qe2 b6 7. f4 Bb7 8. Nf3 d6 9. O-O dxe5 10. Nxe5 Nxe5 11. fxe5 Qd7 12. d3 Be7 13. Qg4 f5 14. exf6 Nxf6 15. Qxg7 Rg8 16. Qh6 Bxg2 17. Kxg2 Qd5+ 18. Kg1 O-O-O 19. Rxf6 Bxf6 20. Qxf6 Rdf8 21. c4 Qd6 22. Bf4 Qxf4 23. Qxe6+ Kb8 24. Nc3 Qd4+ 25. Kh1 Qxd3 26. Nd5 Rf1+ 27. Kg2 Rxg3+ 28. hxg3 Qf3+ 29. Kh3 Qh5+ 30. Kg2 Qh1# 0-1

[Event "Hastings Challengers 2002/03"]
[Site "Hastings"]
[Date "2003.01.02"]
[Round "6"]
[White "Lawson, Eric"]
[Black "Gormally, Daniel W"]
[Result "0-1"]
[WhiteElo "2239"]
[BlackElo "2502"]
[PlyCount "78"]
[EventDate "2002.12.28"]
[EventType "swiss"]
[EventRounds "9"]
[EventCountry "ENG"]
[SourceTitle "BritBase"]
[Source "John Saunders"]
[SourceDate "2024.12.03"]
[SourceVersion "1"]
[SourceVersionDate "2024.12.03"]
[SourceQuality "1"]

1. d4 Nf6 2. Bg5 Ne4 3. Bf4 c5 4. f3 Qa5+ 5. c3 Nf6 6. Nd2 cxd4 7. Nb3 Qb6 8. Qxd4 Nc6 9. Qxb6 axb6 10. Be3 d5 11. Bxb6 e5 12. Bf2 d4 13. e4 Be6 14. Nd2 Bc5 15. a4 O-O-O 16. Nc4 Ba7 17. g4 Kb8 18. Bg3 Nd7 19. Nh3 f6 20. Nf2 dxc3 21. bxc3 Nc5 22. Ra3 Rd7 23. Be2 Rhd8 24. O-O Nd3 25. Bxd3 Rxd3 26. Nb2 Rxf3 27. Kg2 Rxf2+ 28. Bxf2 Rd2 29. Nd1 Bxg4 30. Ra1 Be2 31. Ne3 Bxf1+ 32. Kxf1 Bxe3 33. Bxe3 Rxh2 34. Rd1 Kc7 35. Rb1 Ra2 36. Bb6+ Kc8 37. c4 Rxa4 38. c5 Kd7 39. Kf2 Rxe4 0-1

[Event "Hastings Challengers 2002/03"]
[Site "Hastings"]
[Date "2003.01.02"]
[Round "6"]
[White "Pert, Nicholas"]
[Black "Hebden, Mark L"]
[Result "1/2-1/2"]
[WhiteElo "2462"]
[BlackElo "2515"]
[PlyCount "91"]
[EventDate "2002.12.28"]
[EventType "swiss"]
[EventRounds "9"]
[EventCountry "ENG"]
[SourceTitle "BritBase"]
[Source "John Saunders"]
[SourceDate "2024.12.03"]
[SourceVersion "1"]
[SourceVersionDate "2024.12.03"]
[SourceQuality "1"]

1. d4 Nf6 2. Nf3 g6 3. g3 Bg7 4. Bg2 O-O 5. c4 d6 6. O-O Nc6 7. Nc3 Rb8 8. Re1 a6 9. Rb1 Na5 10. b3 b5 11. cxb5 axb5 12. b4 Nc4 13. d5 e5 14. e4 Bd7 15. Bf1 Nb6 16. Nd2 c6 17. dxc6 Bxc6 18. Bxb5 Bxb5 19. Nxb5 d5 20. exd5 Qxd5 21. Nc3 Qd4 22. Nde4 Nxe4 23. Nxe4 Nd5 24. Qxd4 exd4 25. a3 Nc3 26. Nxc3 dxc3 27. Bf4 Rb7 28. b5 Ra8 29. b6 h5 30. Rb3 Bd4 31. Rc1 Ra4 32. Be3 Bxe3 33. fxe3 Ra6 34. Rbxc3 Rbxb6 35. R1c2 Rb1+ 36. Kg2 Ra1 37. Rc7 R1xa3 38. Rf2 f6 39. Kf3 Ra7 40. Rfc2 Rxc7 41. Rxc7 Ra4 42. h4 Rb4 43. Ra7 Rc4 44. Rb7 Ra4 45. Rd7 Rb4 46. Ra7 1/2-1/2

[Event "Hastings Challengers 2002/03"]
[Site "Hastings"]
[Date "2003.01.02"]
[Round "6"]
[White "Thompson, Ian D"]
[Black "Korotylev, Alexey"]
[Result "0-1"]
[WhiteElo "2238"]
[BlackElo "2571"]
[PlyCount "66"]
[EventDate "2002.12.28"]
[EventType "swiss"]
[EventRounds "9"]
[EventCountry "ENG"]
[SourceTitle "BritBase"]
[Source "John Saunders"]
[SourceDate "2024.12.03"]
[SourceVersion "1"]
[SourceVersionDate "2024.12.03"]
[SourceQuality "1"]

1. c4 e5 2. g3 Nc6 3. Bg2 g6 4. Nc3 Bg7 5. d3 d6 6. Nf3 Nf6 7. O-O O-O 8. Rb1 h6 9. b4 Be6 10. b5 Ne7 11. a4 Qd7 12. Re1 Bh3 13. Bh1 Ng4 14. Nd5 Nxd5 15. cxd5 f5 16. Bb2 f4 17. Qb3 Rf7 18. a5 b6 19. axb6 axb6 20. Ra1 Raf8 21. Ra7 Bf6 22. Rc1 Bd8 23. Rc4 h5 24. Bg2 Bxg2 25. Kxg2 fxg3 26. hxg3 h4 27. gxh4 Rxf3 28. exf3 Rxf3 29. Ra8 Rxf2+ 30. Kg1 Rf1+ 31. Kg2 Ne3+ 32. Kg3 Rf8 33. Raa4 Qf5 0-1

[Event "Hastings Challengers 2002/03"]
[Site "Hastings"]
[Date "2003.01.02"]
[Round "6"]
[White "Woodward, Timothy DM"]
[Black "Kountz, Jochen"]
[Result "1-0"]
[WhiteElo "2185"]
[BlackElo "2331"]
[PlyCount "57"]
[EventDate "2002.12.28"]
[EventType "swiss"]
[EventRounds "9"]
[EventCountry "ENG"]
[SourceTitle "BritBase"]
[Source "John Saunders"]
[SourceDate "2024.12.03"]
[SourceVersion "1"]
[SourceVersionDate "2024.12.03"]
[SourceQuality "1"]

1. d4 Nf6 2. c4 c5 3. d5 g6 4. Nc3 Bg7 5. e4 d6 6. Nge2 O-O 7. Ng3 e6 8. Be2 exd5 9. cxd5 Re8 10. O-O a6 11. a4 h5 12. Bg5 Nbd7 13. Qd2 Qa5 14. f4 Nh7 15. Bh4 Qb4 16. Kh1 Nb6 17. f5 Nc4 18. fxg6 fxg6 19. Bxc4 Qxc4 20. Qf4 Bg4 21. Qf7+ Kh8 22. Qxg6 Rf8 23. h3 Be5 24. hxg4 hxg4 25. Rf5 Rxf5 26. Nxf5 Rg8 27. Nxd6 Rxg6 28. Nxc4 Bd4 29. g3 1-0

[Event "Hastings Challengers 2002/03"]
[Site "Hastings"]
[Date "2003.01.03"]
[Round "7"]
[White "Avari, Viraf"]
[Black "Marusenko, Petr"]
[Result "1-0"]
[WhiteElo "2088"]
[BlackElo "2332"]
[PlyCount "89"]
[EventDate "2002.12.28"]
[EventType "swiss"]
[EventRounds "9"]
[EventCountry "ENG"]
[SourceTitle "BritBase"]
[Source "John Saunders"]
[SourceDate "2024.12.03"]
[SourceVersion "1"]
[SourceVersionDate "2024.12.03"]
[SourceQuality "1"]

1. e4 c6 2. d4 d5 3. Nc3 dxe4 4. Nxe4 Bf5 5. Ng3 Bg6 6. Nf3 Nd7 7. h4 h6 8. h5 Bh7 9. Bd3 Bxd3 10. Qxd3 Qc7 11. Rh4 e6 12. Bf4 Bd6 13. Bxd6 Qxd6 14. Ne4 Qb4+ 15. Qc3 Qe7 16. Qa3 Qxa3 17. bxa3 Ke7 18. Nc5 Nxc5 19. dxc5 Nf6 20. Rb1 Rhb8 21. Rhb4 b5 22. cxb6 Rxb6 23. Rxb6 axb6 24. Rxb6 Rxa3 {(=)} 25. Rxc6 Rxa2 26. Rc7+ Ke8 27. Ne5 Ra1+ 28. Ke2 Rg1 29. g3 Nxh5 30. Nxf7 Nf6 31. Ne5 Kf8 32. Rf7+ Kg8 33. Re7 Ne4 34. Rxe6 Ra1 35. c4 Ra2+ 36. Ke3 Nxf2 37. c5 Nh1 38. g4 Ng3 39. c6 Rc2 40. Kd4 Nf1 41. Re8+ Kh7 42. Kd3 Rc5 43. Kd4 Rc2 44. Rf8 Nd2 45. Kd3 1-0

[Event "Hastings Challengers 2002/03"]
[Site "Hastings"]
[Date "2003.01.03"]
[Round "7"]
[White "Cherniaev, Alexander"]
[Black "Pert, Nicholas"]
[Result "1-0"]
[WhiteElo "2506"]
[BlackElo "2462"]
[PlyCount "95"]
[EventDate "2002.12.28"]
[EventType "swiss"]
[EventRounds "9"]
[EventCountry "ENG"]
[SourceTitle "BritBase"]
[Source "John Saunders"]
[SourceDate "2024.12.03"]
[SourceVersion "1"]
[SourceVersionDate "2024.12.03"]
[SourceQuality "1"]

1. e4 e6 2. d4 d5 3. e5 c5 4. c3 Nc6 5. Nf3 Bd7 6. Be2 Nge7 7. Na3 cxd4 8. cxd4 Nf5 9. Nc2 Qb6 10. O-O a5 11. Kh1 h5 12. b3 h4 13. h3 Be7 14. Bd3 Qd8 15. Rb1 Nb4 16. Nxb4 axb4 17. Rb2 g6 18. Bf4 Rc8 19. Qd2 Rh5 20. Rc1 Rc6 21. Rbc2 Kf8 22. Kh2 Kg7 23. Kg1 Qb6 24. Bxf5 exf5 25. Bg5 Qd8 26. Rxc6 bxc6 27. Bxe7 Qxe7 28. Ne1 g5 29. Nd3 g4 30. Qf4 Rg5 31. Kh1 Rg6 32. Rc5 Qd8 33. Qe3 gxh3 34. gxh3 f4 35. Nxf4 Rg5 36. Rc1 Kh8 37. Rg1 Rxg1+ 38. Kxg1 Qg5+ 39. Kh2 Qf5 40. Nd3 Kg7 41. Nxb4 c5 42. dxc5 d4 43. Qxd4 Qxh3+ 44. Kg1 Bg4 45. e6+ f6 46. Nd5 Bf3 47. Qxf6+ Kh7 48. Qg6+ 1-0

[Event "Hastings Challengers 2002/03"]
[Site "Hastings"]
[Date "2003.01.03"]
[Round "7"]
[White "Coleman, James"]
[Black "Radovanovic, Jovica"]
[Result "1-0"]
[WhiteElo "2152"]
[BlackElo "2280"]
[PlyCount "71"]
[EventDate "2002.12.28"]
[EventType "swiss"]
[EventRounds "9"]
[EventCountry "ENG"]
[SourceTitle "BritBase"]
[Source "John Saunders"]
[SourceDate "2024.12.03"]
[SourceVersion "1"]
[SourceVersionDate "2024.12.03"]
[SourceQuality "1"]

1. d4 Nf6 2. Nf3 g6 3. Nc3 d5 4. Bf4 Bg7 5. e3 O-O 6. Be2 c6 7. h3 Re8 8. O-O Bf5 9. Nh4 Be6 10. Nf3 h6 11. Bd3 Qc8 12. e4 dxe4 13. Nxe4 Nxe4 14. Bxe4 Nd7 15. Qd2 Bd5 16. Rfe1 Nf6 17. Bxd5 cxd5 18. Re2 Ne4 19. Qe3 h5 20. Rae1 a5 21. Qd3 Ra6 22. c4 Qf5 23. Qe3 Nf6 24. b3 a4 25. Qc1 axb3 26. axb3 Bf8 27. Bh6 Bxh6 28. Qxh6 Qd7 29. Ne5 Qf5 30. Re3 Rea8 31. Nxf7 Ne4 32. Rf3 Ra1 33. Rxf5 Rxe1+ 34. Kh2 gxf5 35. Qg6+ Kf8 36. Nh6 1-0

[Event "Hastings Challengers 2002/03"]
[Site "Hastings"]
[Date "2003.01.03"]
[Round "7"]
[White "Fryer, David William"]
[Black "Grant, Alan G"]
[Result "0-1"]
[WhiteElo "2074"]
[BlackElo "2198"]
[PlyCount "92"]
[EventDate "2002.12.28"]
[EventType "swiss"]
[EventRounds "9"]
[EventCountry "ENG"]
[SourceTitle "BritBase"]
[Source "John Saunders"]
[SourceDate "2024.12.03"]
[SourceVersion "1"]
[SourceVersionDate "2024.12.03"]
[SourceQuality "1"]

1. e4 c5 2. b4 cxb4 3. d4 d5 4. e5 Nc6 5. a3 Qb6 6. Ne2 Bf5 7. Be3 e6 8. Ng3 Bg6 9. Bd3 bxa3 10. O-O Qb2 11. Nd2 Bxd3 12. cxd3 Qb6 13. f4 g6 14. Nf3 Bb4 15. h3 Nge7 16. Ne2 h5 17. Bf2 Nf5 18. g3 O-O-O 19. Qc2 a5 20. Rfb1 Qa7 21. Kg2 Kb8 22. Nc3 Rc8 23. Nb5 Qa6 24. Qa4 Na7 25. Nxa3 Qxd3 26. Rb3 Rc3 27. Rxc3 Qxc3 28. Ra2 Ne3+ 29. Bxe3 Qxe3 30. Nc2 Qe2+ 31. Kg1 Qxf3 32. Nxb4 Qxg3+ 33. Kf1 Qxf4+ 34. Kg2 Qe4+ 35. Kh2 Rc8 36. Qxa5 Qxd4 37. Qa4 Qxe5+ 38. Kg2 Qe4+ 39. Kh2 Qf4+ 40. Kg2 Qe3 41. h4 Rc1 42. Na6+ bxa6 43. Rb2+ Nb5 44. Rxb5+ axb5 45. Qxb5+ Kc7 46. Qb8+ Kxb8 0-1

[Event "Hastings Challengers 2002/03"]
[Site "Hastings"]
[Date "2003.01.03"]
[Round "7"]
[White "Gormally, Daniel W"]
[Black "Hebden, Mark L"]
[Result "1/2-1/2"]
[WhiteElo "2502"]
[BlackElo "2515"]
[PlyCount "69"]
[EventDate "2002.12.28"]
[EventType "swiss"]
[EventRounds "9"]
[EventCountry "ENG"]
[SourceTitle "BritBase"]
[Source "John Saunders"]
[SourceDate "2024.12.03"]
[SourceVersion "1"]
[SourceVersionDate "2024.12.03"]
[SourceQuality "1"]

1. e4 e5 2. Nf3 Nc6 3. Bb5 a6 4. Ba4 Nf6 5. O-O Be7 6. Re1 b5 7. Bb3 O-O 8. c3 d6 9. h3 Na5 10. Bc2 c5 11. d4 Re8 12. dxe5 dxe5 13. Nxe5 Bb7 14. Qf3 Bf8 15. Bf4 Re6 16. Ng4 Nxe4 17. Bxe4 f5 18. Nd2 fxe4 19. Qg3 Qe7 20. Re2 h5 21. Nh6+ Kh7 22. Nf5 Qf6 23. Ne3 Bc6 24. Bg5 Qg6 25. Rae1 Nb7 26. Bf4 Qf7 27. Nef1 Rae8 28. Qh4 Be7 29. Bg5 Bxg5 30. Qxg5 Re5 31. Qh4 g5 32. Qg3 h4 33. Qh2 R5e6 34. f3 exf3 35. Nxf3 1/2-1/2

[Event "Hastings Challengers 2002/03"]
[Site "Hastings"]
[Date "2003.01.03"]
[Round "7"]
[White "Lindemann, Stefan"]
[Black "Beshukov, Sergei"]
[Result "1-0"]
[WhiteElo "2390"]
[BlackElo "2466"]
[PlyCount "87"]
[EventDate "2002.12.28"]
[EventType "swiss"]
[EventRounds "9"]
[EventCountry "ENG"]
[SourceTitle "BritBase"]
[Source "John Saunders"]
[SourceDate "2024.12.03"]
[SourceVersion "1"]
[SourceVersionDate "2024.12.03"]
[SourceQuality "1"]

1. Nf3 d5 2. d4 e6 3. c4 c6 4. Qc2 Nf6 5. Bg5 dxc4 6. Qxc4 b5 7. Qc2 Bb7 8. e3 Nbd7 9. Nbd2 a6 10. a4 b4 11. Bxf6 gxf6 12. Bd3 Rc8 13. e4 Be7 14. O-O Rg8 15. Rfe1 Rg7 16. Nf1 c5 17. d5 c4 18. dxe6 fxe6 19. Bxc4 Nb6 20. b3 Nxc4 21. bxc4 Qc7 22. Rac1 Kf7 23. Ng3 Rcg8 24. Qe2 h5 25. c5 Bxc5 26. Red1 Qb6 27. Nh4 Rg5 28. a5 Qc7 29. Nf3 R5g7 30. Nd4 Qe5 31. Nf3 Qc7 32. Kf1 Rc8 33. Qd2 Rh7 34. Qd3 h4 35. e5 Kg8 36. Ne4 Bxe4 37. Qxe4 f5 38. Qc4 Qe7 39. Qxa6 Re8 40. Qb5 Ba7 41. Rc7 Qf8 42. Rdd7 Ree7 43. Rxa7 Qe8 44. Rab7 1-0

[Event "Hastings Challengers 2002/03"]
[Site "Hastings"]
[Date "2003.01.03"]
[Round "7"]
[White "Miezis, Normunds"]
[Black "Lawson, Eric"]
[Result "1-0"]
[WhiteElo "2523"]
[BlackElo "2239"]
[PlyCount "65"]
[EventDate "2002.12.28"]
[EventType "swiss"]
[EventRounds "9"]
[EventCountry "ENG"]
[SourceTitle "BritBase"]
[Source "John Saunders"]
[SourceDate "2024.12.03"]
[SourceVersion "1"]
[SourceVersionDate "2024.12.03"]
[SourceQuality "1"]

1. c4 b6 2. Nc3 Bb7 3. e4 e6 4. Nge2 Nf6 5. Ng3 c5 6. Be2 Nc6 7. f4 h5 8. O-O h4 9. Nh1 Nd4 10. d3 h3 11. g3 Qc7 12. Be3 Nxe2+ 13. Qxe2 Qc6 14. a3 a6 15. Nf2 Be7 16. b4 cxb4 17. axb4 Bxb4 18. Na4 Bc5 19. Rfb1 Bxe3 20. Qxe3 b5 21. Qb6 O-O 22. Qxc6 Bxc6 23. Nc3 bxc4 24. dxc4 Rfc8 25. e5 Ne8 26. Nxh3 d6 27. Ng5 dxe5 28. fxe5 f6 29. exf6 gxf6 30. Nxe6 Bd7 31. Nf4 Rxc4 32. Ncd5 Bf5 33. Ne7+ 1-0

[Event "Hastings Challengers 2002/03"]
[Site "Hastings"]
[Date "2003.01.03"]
[Round "7"]
[White "Shaw, John Kerr"]
[Black "Gourlay, Iain"]
[Result "1-0"]
[WhiteElo "2484"]
[BlackElo "2257"]
[PlyCount "43"]
[EventDate "2002.12.28"]
[EventType "swiss"]
[EventRounds "9"]
[EventCountry "ENG"]
[SourceTitle "BritBase"]
[Source "John Saunders"]
[SourceDate "2024.12.03"]
[SourceVersion "1"]
[SourceVersionDate "2024.12.03"]
[SourceQuality "1"]

1. e4 c5 2. Nf3 e6 3. c3 Nf6 4. e5 Nd5 5. d4 cxd4 6. cxd4 d6 7. Bc4 Nb6 8. Bd3 Nc6 9. O-O Nb4 10. Be2 dxe5 11. Nxe5 Bd7 12. Nc3 Bc6 13. a3 N4d5 14. Bd3 Nxc3 15. bxc3 Nd7 16. Nxc6 bxc6 17. Qf3 Qc7 18. c4 Be7 19. c5 O-O 20. Bf4 e5 21. dxe5 Nxe5 22. Qe4 1-0